[Event "VII. Solinger Karnevalsopen"]
[Site "Solingen"]
[Date "2016.02.05"]
[Round "1.1"]
[White "Wegerle, Jörg"]
[Black "Vehmeyer, Thomas"]
[Result "1-0"]
[WhiteElo "2440"]
[BlackElo "1854"]
[PlyCount "83"]
[EventDate "2016.??.??"]
[WhiteTeam "SG Solingen"]
[BlackTeam "SF Lohmar"]

1. c4 Nf6 2. g3 e6 3. Bg2 d5 4. Nf3 c5 5. O-O Nc6 6. cxd5 exd5 7. d4 Bd6 8. Nc3
a6 9. Bg5 Be7 10. dxc5 d4 11. Bxf6 Bxf6 12. Na4 O-O 13. Ne1 Be6 14. Nb6 Rb8 15.
Nd3 g5 16. Qa4 Ne7 17. Rad1 Nd5 18. Nxd5 Bxd5 19. e4 Bc6 20. Qc2 Bg7 21. Rfe1
f5 {(=)} 22. Qb3+ Kh8 23. exf5 Bxg2 24. Kxg2 Rxf5 25. Qe6 Rf6 26. Qe4 Qd7 27.
Re2 Rh6 28. Kg1 Qh3 29. f3 Qd7 30. Ne5 Qe6 31. b4 Bxe5 32. Qxe5+ Qxe5 33. Rxe5
Rd8 34. Rd3 Rg6 35. Re4 Rf6 36. Kf2 Rh6 37. Kg2 b6 38. Rexd4 Rxd4 39. Rxd4 bxc5
40. bxc5 Rc6 41. Rd5 h6 42. Rd6 1-0

[Event "VII. Solinger Karnevalsopen"]
[Site "Solingen"]
[Date "2016.02.05"]
[Round "1.2"]
[White "Spindler, Florian"]
[Black "Coenen, Michael"]
[Result "0-1"]
[WhiteElo "1847"]
[BlackElo "2418"]
[PlyCount "74"]
[EventDate "2016.??.??"]
[WhiteTeam "SG Porz"]
[BlackTeam "Düsseldorfer SK"]

1. e4 c5 2. Nf3 d6 3. Nc3 Nf6 4. Bc4 e6 5. d4 cxd4 6. Nxd4 a6 7. O-O Be7 8. Be3
O-O 9. f4 Qc7 10. Qe2 b5 11. Bd3 b4 12. Nb1 Bb7 13. Nd2 Nbd7 14. N4b3 a5 15.
Rfc1 Rfc8 16. c3 Qb8 17. cxb4 axb4 18. Rxc8+ Bxc8 19. Nd4 Bb7 20. Bb5 Qc7 21.
Bd3 Nc5 22. Nb5 Qd7 23. Bxc5 dxc5 24. Nf3 Qd8 25. Rd1 Qb6 26. Kh1 Rxa2 27. Bc4
Ra5 28. e5 Nd5 29. f5 Ra8 30. fxe6 fxe6 31. Nd2 Nf4 32. Qg4 Rf8 33. Nd6 Bxd6
34. Bxe6+ Kh8 35. exd6 Nxg2 36. Ne4 Ne3 37. Qxg7+ Kxg7 0-1

[Event "VII. Solinger Karnevalsopen"]
[Site "Solingen"]
[Date "2016.02.05"]
[Round "1.3"]
[White "Schleining, Zoya"]
[Black "Padva, Leo"]
[Result "0-1"]
[WhiteElo "2354"]
[BlackElo "1843"]
[PlyCount "86"]
[EventDate "2016.??.??"]
[WhiteTeam "SV Letmathe"]
[BlackTeam "SG Porz"]

1. Nf3 Nf6 2. c4 c6 3. Nc3 d5 4. e3 g6 5. d4 Bg7 6. Bd3 O-O 7. O-O Re8 8. Ne5
dxc4 9. Bxc4 Nd5 10. f4 Be6 11. Bb3 Nd7 12. e4 Nxc3 13. bxc3 Nxe5 14. Bxe6 fxe6
15. fxe5 Rf8 16. Bf4 Qd7 17. Qg4 Rf7 18. Rad1 Raf8 19. Rf3 c5 20. Rdd3 Qb5 21.
g3 Qb1+ 22. Kg2 c4 23. Rde3 Qxa2+ 24. Rf2 Qa6 25. h4 Bh6 26. Ref3 Bxf4 27. gxf4
Qc6 28. Re3 Kh8 29. Kh2 a5 30. Qg5 b5 31. h5 Rg7 32. Rg2 b4 33. hxg6 Rxg6 34.
Qxe7 Rxg2+ 35. Kxg2 Qe8 36. Qc5 Qg6+ 37. Rg3 Qxe4+ 38. Kh2 Qxf4 39. Qe7 Qf2+
40. Kh3 Qf1+ 41. Kh4 Rf4+ 42. Kg5 Rf5+ 43. Kg4 Qe2+ 0-1

[Event "VII. Solinger Karnevalsopen"]
[Site "Solingen"]
[Date "2016.02.05"]
[Round "1.4"]
[White "Fränzel, Dr. Marius"]
[Black "Marcziter, Dr. Dmitrii"]
[Result "0-1"]
[WhiteElo "1821"]
[BlackElo "2311"]
[PlyCount "56"]
[EventDate "2016.??.??"]
[WhiteTeam "SG Solingen"]
[BlackTeam "DJK Aufwärts Aachen"]

1. e4 c5 2. c3 d5 3. exd5 Qxd5 4. d4 Nf6 5. Nf3 Bg4 6. Be2 e6 7. Be3 cxd4 8.
cxd4 Nc6 9. O-O Be7 10. Nc3 Qd6 11. h3 Bh5 12. Qb3 O-O 13. Rad1 Nb4 14. Bg5
Nfd5 15. Ne4 Qd8 16. Bxe7 Qxe7 17. a3 Nc6 18. Rfe1 Rfd8 19. Ng3 Bg6 20. Ne5
Rac8 21. Bf3 Nxe5 22. Rxe5 Bc2 23. Qa2 Bxd1 24. Bxd5 Qc7 25. Re1 Rxd5 26. Rxd1
Qc2 27. Re1 Rxd4 28. Re2 Rd2 0-1

[Event "VII. Solinger Karnevalsopen"]
[Site "Solingen"]
[Date "2016.02.05"]
[Round "1.5"]
[White "Mühlenhaus, Sven"]
[Black "Koellner, Ulrich"]
[Result "1/2-1/2"]
[WhiteElo "2251"]
[BlackElo "1820"]
[PlyCount "55"]
[EventDate "2016.??.??"]
[WhiteTeam "Oberbilker SV"]
[BlackTeam "SV Hofheim"]

1. d4 Nf6 2. Nf3 d5 3. c4 c6 4. Nc3 e6 5. e3 Nbd7 6. Qc2 Be7 7. g4 h6 8. Rg1 g5
9. Bd2 c5 10. O-O-O b6 11. Ne5 Bb7 12. cxd5 cxd4 13. exd4 Nxe5 14. dxe5 Nxd5
15. Qa4+ Kf8 16. Rg3 Qc7 17. Kb1 Kg7 18. Nxd5 Bxd5 19. Bc3 Rhd8 20. Bd3 a6 21.
Rf1 b5 22. Qa5 Qb7 23. a3 Rd7 24. Ka1 Bd8 25. Qb4 Be7 26. Qa5 Bd8 27. Qb4 Be7
28. Qa5 1/2-1/2

[Event "VII. Solinger Karnevalsopen"]
[Site "Solingen"]
[Date "2016.02.05"]
[Round "1.6"]
[White "Meckel, Helmut"]
[Black "Michalczak, Thomas"]
[Result "0-1"]
[WhiteElo "1793"]
[BlackElo "2248"]
[PlyCount "112"]
[EventDate "2016.??.??"]
[WhiteTeam "SG Solingen"]
[BlackTeam "SG Solingen"]

1. b4 d5 2. Bb2 Bg4 3. Nf3 Bxf3 4. gxf3 e6 5. e3 Qh4 6. Qe2 Qxb4 7. Ba3 Qa4 8.
Bxf8 Kxf8 9. Nc3 Qd7 10. Rb1 c6 11. f4 Nf6 12. Rg1 g6 13. Qd3 Qc7 14. Qd4 Kg7
15. Bg2 Nbd7 16. Ne2 b6 17. c4 Rac8 18. Ng3 e5 19. fxe5 Qxe5 20. Bh3 Qxd4 21.
Nf5+ Kf8 22. Nxd4 dxc4 23. Bf1 b5 24. a4 a6 25. Bg2 Ne5 26. axb5 axb5 27. f4
Nd3+ 28. Ke2 Nd5 29. Bxd5 cxd5 30. Rxb5 Nc5 31. Rg5 Ne4 32. Rgxd5 c3 33. Re5
Nxd2 34. Kd3 Nf3 35. Rec5 Rxc5 36. Rxc5 Nxh2 37. Rxc3 Kg7 38. Rc2 Ng4 39. Rc3
h5 40. Ke2 h4 41. Rc1 h3 42. Rh1 f5 43. Kf3 h2 44. e4 Rh3+ 45. Kg2 Rd3 46. Ne6+
Kf6 47. exf5 Kxf5 48. Nf8 Rd8 49. Nh7 Rh8 50. Ng5 Kxf4 51. Nh3+ Rxh3 52. Rf1+
Kg5 53. Kxh3 h1=Q+ 54. Rxh1 Nf2+ 55. Kg2 Nxh1 56. Kxh1 Kg4 0-1

[Event "VII. Solinger Karnevalsopen"]
[Site "Solingen"]
[Date "2016.02.05"]
[Round "1.7"]
[White "Quast, Marcel"]
[Black "Ipekyilmaz, Tayfun"]
[Result "1-0"]
[WhiteElo "2216"]
[BlackElo "1771"]
[PlyCount "141"]
[EventDate "2016.??.??"]
[WhiteTeam "SC Gerthe - Werne"]
[BlackTeam "Langenfelder SF"]

1. e4 e5 2. Nf3 Nc6 3. Bc4 Nf6 4. d3 Be7 5. O-O O-O 6. Re1 d6 7. c3 Na5 8. Nbd2
Nxc4 9. Nxc4 Bg4 10. h3 Be6 11. Ne3 Re8 12. Qc2 Bf8 13. Bd2 h6 14. d4 exd4 15.
Nxd4 Bd7 16. Nd5 Nxd5 17. exd5 Qf6 18. Qd3 c6 19. dxc6 bxc6 20. Qf3 Qxf3 {(=)}
21. Nxf3 d5 22. Ne5 Re7 23. Rad1 Be8 24. Nd3 Rxe1+ 25. Rxe1 Bd6 26. Be3 Bd7 27.
g4 a6 28. Bc5 Bf8 29. Bxf8 Kxf8 30. Nc5 Ra7 31. b4 Bc8 32. a4 Re7 33. Kf1 Rxe1+
34. Kxe1 Ke7 35. Ke2 Kd6 36. Ke3 Kc7 37. a5 Kd6 38. Kd4 g5 39. Nd3 f6 40. Nc5
Kc7 41. Nd3 Kd6 42. Ne1 Bd7 43. Ng2 Be8 44. Ne3 Bg6 45. f3 Bb1 46. c4 dxc4 47.
Nxc4+ Kc7 48. Nd2 Ba2 49. Ne4 Bd5 50. Nxf6 Bxf3 51. Ng8 Bg2 52. Nxh6 Bxh3 53.
Kc5 Bg2 54. Nf7 Bf3 55. Ne5 Bg2 56. Kd4 Bh3 57. Ke4 Kd6 58. Nf7+ Ke7 59. Ne5
Kd6 60. Kd4 Kc7 61. Kc5 Bg2 62. Kd4 Kd6 63. Nf7+ Ke7 64. Nxg5 Kf6 65. Ne4+ Kg6
66. Ke5 Bf3 67. Kf4 Bh1 68. Nc5 Bd5 69. Nxa6 Bc4 70. Nc5 Bb5 71. a6 1-0

[Event "VII. Solinger Karnevalsopen"]
[Site "Solingen"]
[Date "2016.02.05"]
[Round "1.8"]
[White "Kreutzmann, Duke"]
[Black "Terhuven, Patrick"]
[Result "0-1"]
[WhiteElo "1754"]
[BlackElo "2163"]
[PlyCount "120"]
[EventDate "2016.??.??"]
[WhiteTeam "Düsseldorfer SK"]
[BlackTeam "Krefelder SK Turm"]

1. d4 Nf6 2. Nf3 c5 3. c3 d5 4. Bf4 e6 5. e3 Nc6 6. Bd3 Bd6 7. Bg3 O-O 8. Nbd2
b6 9. Ne5 Ne7 10. O-O Qc7 11. f4 Nf5 12. Bf2 Be7 13. Qf3 Nd6 14. Rad1 a5 15.
Qe2 Nfe4 16. a4 f6 17. Nef3 Bd7 18. Bc2 b5 19. Nxe4 dxe4 20. Nd2 f5 21. dxc5
Qxc5 22. Nb3 Qb6 23. Nd4 bxa4 24. Bb1 Rab8 25. Rd2 Bb5 26. Nxb5 Qxb5 27. Qxb5
Rxb5 28. Ba2 Kf7 29. Rfd1 Rfb8 30. Rd4 Rxb2 31. Rxa4 Nb5 32. Be1 Re2 33. Rxa5
Rxe3 34. Bd2 Rd3 35. Bc4 Nxc3 36. Bxd3 Nxd1 37. Bc4 Rb1 38. Rxf5+ Kg6 39. Rb5
Rxb5 40. Bxb5 Bc5+ 41. Kf1 Ne3+ 42. Kf2 Nd5+ 43. Kg3 Kf5 44. Be2 Bd6 45. Bg4+
Kf6 46. Bc1 g5 47. Bb2+ Kf7 48. Bh5+ Kf8 49. Bd1 gxf4+ 50. Kf2 Bc5+ 51. Ke2 Ne3
52. Bb3 Nxg2 53. Bxe6 f3+ 54. Kf1 e3 55. Bc4 Nf4 56. Bc3 e2+ 57. Bxe2 fxe2+ 58.
Ke1 Be7 59. Kf2 Bh4+ 60. Kf3 Nd5 0-1

[Event "VII. Solinger Karnevalsopen"]
[Site "Solingen"]
[Date "2016.02.05"]
[Round "1.9"]
[White "Lenhardt, Manfred"]
[Black "Sewald, Kathrin"]
[Result "1-0"]
[WhiteElo "2136"]
[BlackElo "1754"]
[PlyCount "133"]
[EventDate "2016.??.??"]
[WhiteTeam "SC Weisse Dame (Berlin)"]
[BlackTeam "SG Porz"]

1. d4 c5 2. e3 d5 3. Nf3 Nc6 4. Be2 e6 5. O-O Nf6 6. Nbd2 Be7 7. b3 O-O 8. Bb2
a6 9. c4 b6 10. Qc2 Nb4 11. Qb1 Bb7 12. Rd1 Qc7 13. Bc3 a5 14. Qb2 Ra7 15. Rac1
Ba6 16. Ne5 Nc6 17. Bf3 Bb7 18. dxc5 bxc5 19. cxd5 exd5 20. Ng4 Nxg4 21. Bxg4
d4 22. exd4 Qf4 23. d5 Qxg4 24. dxc6 Bxc6 25. f3 Qg5 26. Re1 Bd6 27. Ne4 Bxe4
28. Rxe4 f5 29. Re6 Bf4 30. Rce1 Qh5 31. g3 Bg5 32. Qf2 f4 33. g4 Qf7 34. h4
Bd8 35. Kg2 Rb7 36. Qxc5 Rc7 37. Rc6 Rxc6 38. Qxc6 Bxh4 39. Rd1 Bf6 40. Bxf6
Qxf6 41. Qxf6 Rxf6 42. Rd5 Ra6 43. Rf5 a4 44. Rxf4 axb3 45. axb3 Rb6 46. b4 g5
47. Re4 Kf7 48. Kf2 Kg6 49. Ke3 h5 50. gxh5+ Kxh5 51. Kd3 Rf6 52. Re3 Kh4 53.
b5 Kg3 54. Kc4 Rf4+ 55. Kc5 Rf5+ 56. Kb4 Rf4+ 57. Ka5 Rf5 58. Ka6 Rf4 59. b6
Ra4+ 60. Kb5 Ra1 61. Rb3 Re1 62. b7 Re8 63. Ka6 Re6+ 64. Ka7 Re7 65. Ka8 Re8+
66. b8=Q+ Rxb8+ 67. Kxb8 1-0

[Event "VII. Solinger Karnevalsopen"]
[Site "Solingen"]
[Date "2016.02.05"]
[Round "1.10"]
[White "Bussard, Achim"]
[Black "Zolfagharian, Kevin"]
[Result "0-1"]
[WhiteElo "1747"]
[BlackElo "2129"]
[PlyCount "64"]
[EventDate "2016.??.??"]
[WhiteTeam "SG Niederkassel"]
[BlackTeam "SG Solingen"]

1. d4 d5 2. g3 Nf6 3. Bg2 e6 4. Nf3 b5 5. O-O Be7 6. c3 O-O 7. Bg5 Nbd7 8. Nbd2
a5 9. Re1 Bb7 10. Ne5 Nxe5 11. dxe5 Nd7 12. Bxe7 Qxe7 13. f4 Rfd8 14. Qc2 Nb6
15. Nf3 Nc4 16. e3 Qc5 17. Rad1 Qb6 18. Qc1 b4 19. Bf1 c5 20. Bxc4 dxc4 21. Kf2
Rd3 22. Rxd3 cxd3 23. Nd2 Rd8 24. c4 Qc6 25. Rg1 a4 26. Qd1 Qd7 27. g4 g5 28.
Kg3 gxf4+ 29. exf4 Qd4 30. b3 Qe3+ 31. Nf3 Bxf3 32. Qxf3 Qxg1+ 0-1

[Event "VII. Solinger Karnevalsopen"]
[Site "Solingen"]
[Date "2016.02.05"]
[Round "1.11"]
[White "Görke, Joachim"]
[Black "Spradley, Julian"]
[Result "1/2-1/2"]
[WhiteElo "2127"]
[BlackElo "1744"]
[PlyCount "101"]
[EventDate "2016.??.??"]
[WhiteTeam "SG Solingen"]
[BlackTeam "SV Erftstadt"]

1. e4 e5 2. Nf3 Nc6 3. Bc4 Nf6 4. d3 Be7 5. Nc3 d6 6. h3 O-O 7. Be3 Na5 8. Bb3
Nxb3 9. axb3 a6 10. O-O h6 11. Qd2 Re8 12. Kh2 Bf8 13. Nd5 Nxd5 14. exd5 f5 15.
Qd1 Be7 16. Ng1 f4 17. Bd2 Rf8 18. g4 fxg3+ 19. fxg3 Bd7 20. Qe2 c6 21. Rxf8+
Qxf8 22. Rf1 Qe8 23. Qe4 Kh8 24. g4 cxd5 25. Qxd5 Bc6 26. Qe6 Bf8 27. Qxe8 Rxe8
28. Bb4 Kg8 29. Kg3 b6 30. c4 a5 31. Ba3 b5 32. b4 axb4 33. Bxb4 bxc4 34. dxc4
d5 {(=)} 35. Rxf8+ Rxf8 36. Bxf8 Kxf8 37. cxd5 Bxd5 38. Nf3 e4 39. Nd4 g6 40.
Kf4 Ke7 41. Ke5 Bb7 42. h4 e3 43. Kf4 Bc8 44. g5 hxg5+ 45. Kxg5 Ba6 46. Kxg6 e2
47. Nf3 Bd3+ 48. Kg7 Kd6 49. h5 Be4 50. Ne1 Kc5 51. h6 1/2-1/2

[Event "VII. Solinger Karnevalsopen"]
[Site "Solingen"]
[Date "2016.02.05"]
[Round "1.12"]
[White "Humbek, Olav"]
[Black "Krüger, Andre"]
[Result "0-1"]
[WhiteElo "1740"]
[BlackElo "2103"]
[PlyCount "72"]
[EventDate "2016.??.??"]
[WhiteTeam "SF Lohmar"]
[BlackTeam "SV Mülheim-Nord"]

1. b3 e5 2. Bb2 Nc6 3. e3 Nf6 4. Bb5 Bd6 5. Ne2 a6 6. Bxc6 dxc6 7. O-O Qe7 8.
f4 Bg4 9. fxe5 Bxe5 10. Bxe5 Qxe5 11. Nbc3 O-O-O 12. Qe1 Qd6 13. d3 Rhe8 14. e4
Bxe2 15. Nxe2 Qc5+ 16. d4 Qxc2 17. e5 Rd7 18. Rf3 Nd5 19. Nf4 Nxf4 20. Rxf4 f6
21. Rf2 Qg6 22. Rd1 Rde7 23. Re2 Qf5 24. Rf2 Qh5 25. Qf1 fxe5 26. Rf5 Qh6 27.
dxe5 Qe3+ 28. Kh1 Rxe5 29. Rf8 Rxf8 30. Qxf8+ Re8 31. Qf5+ Qe6 32. Qb1 b6 33.
h3 g6 34. Qd3 Kb7 35. Rd2 Qe1+ 36. Kh2 Re3 0-1

[Event "VII. Solinger Karnevalsopen"]
[Site "Solingen"]
[Date "2016.02.05"]
[Round "1.13"]
[White "Rahimi, Rahim"]
[Black "Runte, Dirk"]
[Result "0-1"]
[WhiteElo "2083"]
[BlackElo "1722"]
[PlyCount "126"]
[EventDate "2016.??.??"]
[WhiteTeam "Hellertaler SF"]
[BlackTeam "Fideler Bauer Leverkusen"]

1. e4 c5 2. Nf3 d6 3. Nc3 Nc6 4. h3 Nf6 5. d3 e6 6. a3 a6 7. a4 Be7 8. g3 Rb8
9. Bg2 b6 10. Bf4 Bb7 11. O-O O-O 12. Nh2 Ne5 13. Bd2 Ng6 14. f4 d5 15. e5 Nd7
16. h4 d4 17. Ne4 f5 18. exf6 Nxf6 19. h5 Nxe4 20. dxe4 Nh8 21. Qg4 Qc8 22.
Rae1 c4 23. h6 g6 24. Bh3 Rf6 25. Nf3 c3 26. bxc3 dxc3 27. Bc1 Bc5+ 28. Kh2 Qd7
29. Qg5 Rbf8 30. Qe5 Bc8 31. Ng5 Bd4 32. Bxe6+ Rxe6 33. Qxe6+ Qxe6 34. Nxe6
Bxe6 35. Rd1 Bc5 36. Rfe1 Nf7 37. Rd3 Nxh6 38. Red1 Ng4+ 39. Kg2 Nf2 40. Rd6
Bg4 41. R1d5 Nxe4 42. Rc6 Re8 43. a5 Nd2 44. Bxd2 Re2+ 45. Kf1 cxd2 46. axb6
Bxb6 47. Rxb6 Re1+ 48. Kf2 d1=Q 49. Rxd1 Rxd1 50. Rxa6 Rd2+ 51. Ke3 Rxc2 52.
Ra7 Rg2 53. Ke4 Rxg3 54. Ke5 Re3+ 55. Kf6 Re8 56. Kg5 Bf3 57. Kh6 Re2 58. Kg5
Re6 59. Kh6 Be4 60. Rc7 Bf5 61. Rc8+ Kf7 62. Rh8 Re3 63. Rb8 Rh3+ 0-1

[Event "VII. Solinger Karnevalsopen"]
[Site "Solingen"]
[Date "2016.02.05"]
[Round "1.14"]
[White "Bashylin, Seva"]
[Black "Flesch, Dr. Stefan"]
[Result "0-1"]
[WhiteElo "1709"]
[BlackElo "2075"]
[PlyCount "90"]
[EventDate "2016.??.??"]
[WhiteTeam "SG Solingen"]
[BlackTeam "SG Solingen"]

1. d4 g6 2. Nf3 Bg7 3. Bf4 d6 4. e3 Nf6 5. h3 O-O 6. Be2 Nfd7 7. O-O e5 8. dxe5
dxe5 9. Bg5 Qe8 10. c3 Nc6 11. Nbd2 h6 12. Bh4 Ne7 13. Bg3 f5 14. Bb5 c6 15.
Be2 Nd5 16. Rc1 Kh7 17. c4 N5f6 18. c5 Nd5 19. Nc4 Nxc5 20. Bxe5 Bxe5 21. Ncxe5
Ne4 22. h4 Be6 23. h5 g5 24. Ng6 Rg8 25. Nd4 Rd8 26. Qb3 Rg7 27. Rcd1 Rgd7 28.
Bd3 Rf7 29. Bxe4 fxe4 30. Qc2 Bg4 31. Nf3 Bxh5 32. Nge5 Bg6 33. Nxf7 exf3 34.
Qb3 Qxf7 35. gxf3 Rf8 36. e4 Nb6 37. Qxf7+ Rxf7 38. Rd3 Bh5 39. Kg2 Nc4 40. b3
Ne5 41. Rd6 Bxf3+ 42. Kg3 Bg4 43. f4 gxf4+ 44. Rxf4 Rg7 45. Rff6 Nf7 0-1

[Event "VII. Solinger Karnevalsopen"]
[Site "Solingen"]
[Date "2016.02.05"]
[Round "1.15"]
[White "Pan, Yun"]
[Black "König, Falk"]
[Result "0-1"]
[WhiteElo "1673"]
[BlackElo "2066"]
[PlyCount "120"]
[EventDate "2016.??.??"]
[WhiteTeam "Fideler Bauer Leverkusen"]
[BlackTeam "SF Vonkeln"]

1. e4 c5 2. Nf3 e6 3. d4 cxd4 4. Nxd4 a6 5. c4 Nf6 6. Nc3 Qc7 7. Qc2 Nc6 8.
Nxc6 dxc6 9. Be2 e5 10. Be3 Be6 11. f3 Be7 12. O-O O-O 13. Rfd1 Rad8 14. Kh1
Rxd1+ 15. Rxd1 Rd8 16. Rxd8+ Qxd8 17. c5 Qa5 18. a3 Nd7 19. Na4 Qe1+ 20. Bg1
Bg5 21. Qd1 Qxd1 22. Bxd1 Bc1 23. Bf2 Bc4 24. b3 Bb5 25. b4 Bxa3 26. Be1 a5 27.
bxa5 Nxc5 28. Nxc5 Bxc5 29. g3 Kf8 30. Kg2 Ke7 31. Bc3 Kd6 32. f4 f6 33. Kf3
Bd4 34. fxe5+ Bxe5 35. Bd2 c5 36. Be2 Bxe2+ 37. Kxe2 Kc6 38. Kd3 Kb5 39. Be1
Bc7 40. h4 Bxa5 41. Bxa5 Kxa5 42. Kc4 b5+ 43. Kxc5 b4 44. Kc4 Ka4 45. Kd3 Kb3
46. g4 Ka2 47. g5 b3 48. h5 fxg5 49. e5 b2 50. e6 b1=Q+ 51. Kd4 Qf5 52. e7 Qd7+
53. Ke3 Qxe7+ 54. Kf3 Qf7+ 55. Kg4 Qf4+ 56. Kh3 g4+ 57. Kg2 Qf3+ 58. Kg1 g3 59.
h6 Qf2+ 60. Kh1 Qf1# 0-1

[Event "VII. Solinger Karnevalsopen"]
[Site "Solingen"]
[Date "2016.02.05"]
[Round "1.16"]
[White "Bondarchuk, Vadim"]
[Black "Grunwald, Günther"]
[Result "1-0"]
[WhiteElo "2030"]
[BlackElo "1664"]
[PlyCount "39"]
[EventDate "2016.??.??"]
[WhiteTeam "SG Benrath"]
[BlackTeam "SW Oberhausen"]

1. e4 e5 2. Nf3 Nc6 3. Bb5 a6 4. Ba4 Nf6 5. d4 b5 6. Bb3 d6 7. Ng5 d5 8. exd5
Nxd4 9. c4 Nxb3 10. axb3 h6 11. Nf3 Bb4+ 12. Nc3 Bxc3+ 13. bxc3 e4 14. Nd4 Bd7
15. Ba3 Qc8 16. O-O c5 17. dxc6 Bxc6 18. cxb5 axb5 19. Re1 Qb7 20. Nf5 1-0

[Event "VII. Solinger Karnevalsopen"]
[Site "Solingen"]
[Date "2016.02.05"]
[Round "1.17"]
[White "Bashylina, Luisa"]
[Black "Tayyar, Alptug"]
[Result "0-1"]
[WhiteElo "1624"]
[BlackElo "2022"]
[PlyCount "66"]
[EventDate "2016.??.??"]
[WhiteTeam "SG Solingen"]
[BlackTeam "SW Remscheid"]

1. e4 c5 2. Nc3 a6 3. d3 Nc6 4. f4 g6 5. Nf3 Bg7 6. g3 e6 7. Bg2 Nge7 8. O-O b5
9. g4 d5 10. e5 h5 11. h3 Qb6 12. Qe1 Bb7 13. Ne2 Rc8 14. Bd2 hxg4 15. hxg4 Nb4
16. Qd1 a5 17. Ng3 Nbc6 18. Be3 Bh6 19. g5 Bf8 20. Nh2 Nf5 21. Nxf5 gxf5 22.
Bf3 Ne7 23. Qe2 Ng6 24. Rae1 Be7 25. Rf2 Kd7 26. c4 bxc4 27. dxc4 d4 28. Bxb7
Qxb7 29. Rd1 Rh3 30. Rf3 Rch8 31. Rxh3 Rxh3 32. Bc1 Rg3+ 33. Kf1 Qh1+ 0-1

[Event "VII. Solinger Karnevalsopen"]
[Site "Solingen"]
[Date "2016.02.05"]
[Round "1.18"]
[White "Esser, Thomas"]
[Black "Tanz, Manfred"]
[Result "1-0"]
[WhiteElo "2003"]
[BlackElo "1604"]
[PlyCount "69"]
[EventDate "2016.??.??"]
[WhiteTeam "PTSV Aachen"]
[BlackTeam "Vohwinkeler SC"]

1. d4 d5 2. c4 e6 3. Nf3 Nf6 4. g3 Be7 5. Bg2 O-O 6. O-O dxc4 7. Qc2 c6 8. Qxc4
Nbd7 9. Rd1 Nb6 10. Qc2 Nbd5 11. e4 Nc7 12. Bf4 Nce8 13. Ne5 Nh5 14. Be3 Nhf6
15. Nc3 Nd7 16. Nf3 Ndf6 17. Qb3 Rb8 18. d5 Qa5 19. Bf4 Ra8 20. dxe6 Bxe6 21.
Qxb7 Nc7 22. Qxc7 Qc5 23. Na4 Qb5 24. Qxe7 Qxa4 25. Nd4 Rfe8 26. Qc5 Bg4 27. b3
Qa6 28. f3 Bd7 29. Bf1 Qc8 30. Rac1 a5 31. Nxc6 Qb7 32. Qb5 Bxc6 33. Qxc6 Qa7+
34. Qc5 Qa6 35. Bxa6 1-0

[Event "VII. Solinger Karnevalsopen"]
[Site "Solingen"]
[Date "2016.02.05"]
[Round "1.19"]
[White "Ehringfeld, Michael"]
[Black "Speck, Stefan"]
[Result "0-1"]
[WhiteElo "1603"]
[BlackElo "1984"]
[PlyCount "72"]
[EventDate "2016.??.??"]
[WhiteTeam "SG Solingen"]
[BlackTeam "SC Solingen 28"]

1. d4 c5 2. c3 e6 3. Nf3 Qc7 4. d5 Nf6 5. c4 b5 6. dxe6 fxe6 7. cxb5 a6 8. Qa4
Bb7 9. Bf4 Bd6 10. Bxd6 Qxd6 11. Nbd2 axb5 12. Qxb5 Ba6 13. Qb3 Nc6 14. Nc4 Qc7
15. e3 O-O 16. Be2 Rfb8 17. Qd1 d5 18. Ncd2 Bxe2 19. Qxe2 Rxb2 20. a3 Ne4 21.
O-O Ne5 22. Nxe5 Qxe5 23. Nf3 Qc3 24. Qd1 Rxa3 25. Rxa3 Qxa3 26. Qa1 Qxa1 27.
Rxa1 h6 28. Ne5 Rxf2 29. Ra8+ Kh7 30. Nd7 Re2 31. h4 Kg6 32. Ne5+ Kf6 33. Ng4+
Kf5 34. Nh2 Re1+ 35. Nf1 Ke5 36. Rf8 Ng3 0-1

[Event "VII. Solinger Karnevalsopen"]
[Site "Solingen"]
[Date "2016.02.05"]
[Round "1.20"]
[White "Kühn, Patrick"]
[Black "Müller, Hans-Peter"]
[Result "1-0"]
[WhiteElo "1983"]
[BlackElo "1545"]
[PlyCount "91"]
[EventDate "2016.??.??"]
[WhiteTeam "SG Hochneukirch"]
[BlackTeam "SV Dinslaken"]

1. e4 d5 2. exd5 Qxd5 3. Nc3 Qa5 4. d4 c6 5. Nf3 Nf6 6. Bc4 Bg4 7. h3 Bh5 8. g4
Bg6 9. Ne5 e6 10. h4 Nbd7 11. Nxg6 hxg6 12. Bd2 Qc7 13. Qe2 O-O-O 14. O-O-O Nb6
15. Bg5 Nxc4 16. Qxc4 Bd6 17. Kb1 Bf4 18. f3 Bxg5 19. hxg5 Nd5 20. Rxh8 Rxh8
21. Nxd5 exd5 22. Qc5 b6 23. Qa3 Re8 24. b3 Qe7 25. Qxe7 Rxe7 26. Rd3 Kd7 27.
Kc1 f6 28. gxf6 gxf6 29. Kd2 g5 30. c4 Rh7 31. Kc3 Rh2 32. a4 a5 33. cxd5 cxd5
34. b4 axb4+ 35. Kxb4 Rb2+ 36. Rb3 Rxb3+ 37. Kxb3 Kd6 38. Kb4 Kc6 39. a5 bxa5+
40. Kxa5 Kc7 41. Kb5 Kd6 42. Kb6 Kd7 43. Kc5 Kc7 44. Kxd5 Kd7 45. Ke4 Ke6 46.
d5+ 1-0

[Event "VII. Solinger Karnevalsopen"]
[Site "Solingen"]
[Date "2016.02.05"]
[Round "1.21"]
[White "Rudolph, Eva"]
[Black "Sherif, Amina"]
[Result "0-1"]
[WhiteElo "1534"]
[BlackElo "1982"]
[PlyCount "112"]
[EventDate "2016.??.??"]
[WhiteTeam "Düsseldorfer SK"]
[BlackTeam "SG Solingen"]

1. e4 g6 2. d4 Bg7 3. Nc3 a6 4. Bc4 b5 5. Bb3 Bb7 6. a3 e6 7. d5 Qe7 8. Nge2
Nf6 9. O-O O-O 10. Bf4 e5 11. Be3 h6 12. Qd3 d6 13. f4 exf4 14. Bxf4 Nbd7 15.
Ng3 Nc5 16. Qe2 Rfe8 17. Rae1 Nfd7 18. Qd2 Kh7 19. Re2 Ne5 20. Ref2 Rf8 21. h3
Qd7 22. Kh1 {(=)} a5 23. Nd1 Qe7 24. Qe2 Ba6 25. Qe3 Ned7 26. Qd2 a4 27. Ba2
Nf6 28. Re1 Ncxe4 29. Rfe2 Nxg3+ 30. Bxg3 Qd8 31. Nf2 Re8 32. Rxe8 Nxe8 33. Nd3
Nf6 34. Nb4 Bb7 35. Bh4 Qd7 36. Qd3 Re8 37. Rb1 Ne4 38. c4 bxc4 39. Bxc4 Nc5
40. Qf1 Re4 41. Bg3 Qe7 42. Be1 Bxb2 43. Bf2 Bd4 44. Bxd4 Rxd4 45. Re1 Re4 46.
Rc1 Kg7 47. Qf2 Re3 48. Qb2+ Kg8 49. Bb5 Qe4 50. Kh2 Qf4+ 51. Kg1 Rb3 52. Qa1
Qe3+ 53. Kh1 Rxa3 54. Qb2 Rb3 55. Nc2 Rxb2 56. Nxe3 Rxb5 0-1

[Event "VII. Solinger Karnevalsopen"]
[Site "Solingen"]
[Date "2016.02.05"]
[Round "1.22"]
[White "Klyszcz, Michael"]
[Black "Prieb, Robert"]
[Result "1-0"]
[WhiteElo "1975"]
[BlackElo "1494"]
[PlyCount "105"]
[EventDate "2016.??.??"]
[WhiteTeam "SG 1871 Löberitz"]
[BlackTeam "SchachAkademiePaderborn"]

1. g3 Nf6 2. Bg2 g6 3. c4 Bg7 4. Nc3 O-O 5. Nf3 d6 6. O-O c5 7. a3 Nc6 8. Rb1
a5 9. d3 Bd7 10. Bd2 Rb8 11. Nb5 Ne8 12. Bc3 Bxc3 13. bxc3 Nc7 14. Qd2 Kg7 15.
d4 cxd4 16. cxd4 Nxb5 17. cxb5 Na7 18. b6 Nc6 19. d5 Ne5 20. Nxe5 dxe5 21. Qxa5
Ra8 22. Qb4 Ra4 23. Qc5 Re8 24. Rfc1 Qa8 25. Rb3 Rc8 26. Qe3 Rxc1+ 27. Qxc1 Qc8
28. Rc3 Qa8 29. Qe3 f6 30. f4 Qa5 31. fxe5 f5 32. e6 Be8 33. d6 exd6 34. Rc7+
Kf6 35. Rxb7 Qe1+ 36. Bf1 Re4 37. Qh6 Kxe6 38. Qxh7 Kd5 39. Re7 Rxe7 40. Qxe7
Bc6 41. b7 Qb1 42. Qc7 Qxb7 43. Qxb7 Bxb7 44. Bg2+ Kc4 45. Bxb7 Kb3 46. Kf2
Kxa3 47. Ke3 Kb4 48. Kd4 Kb5 49. Kd5 Kb6 50. Bc6 Kc7 51. h4 Kd8 52. Kxd6 Kc8
53. Be8 1-0